WAKAF Pendidikan dan Penyelidikan

Bibliographic Details
Main Authors: Amaludin Ab. Rahman , 1959- (Author), Siti Zaleha Muhammad (Author), Zaid Ahmad , 1944- (Author)
Format: Book
Published: Serdang, Selangor : Penerbit Universiti Putra Malaysia 2017
Subjects:

MARC

LEADER 00000cam a2200000 7i4500
001 0000131368
005 20190221.0
008 190221t20172017my ao e a001 0 bm
020 |a 9789673447183 
040 |a PERPUSTAM   |b eng   |c PERPUSTAM   |e rda 
090 0 0 |a 346.06409595   |b AMA 
100 0 |a Amaludin Ab. Rahman ,   |d 1959- ,   |e author 
245 1 0 |a WAKAF Pendidikan dan Penyelidikan   |c AMALUDIN AB. RAHMAN, ZAID AHMAD, SITI ZALEHA MUHAMMAD 
264 1 |a Serdang, Selangor :   |b Penerbit Universiti Putra Malaysia   |c 2017 
264 4 |c ©2017 
300 |a 89 pages, 1 unnumbered page :   |b photographs ;   |c 25 cm. 
336 |a text, rdacontent 
337 |a unmediated  |2 rdamedia 
338 |a volume  |2 rdacarrier 
500 |a Includes index 
650 1 0 |a Waqf   |z Malaysia 
650 2 0 |a Charitable uses, trusts, and foundations (Islamic law) 
650 2 0 |a Education, Higher   |x Finance 
650 2 0 |a Education, Higher   |z Malaysia 
650 2 0 |a Educational fund raising   |x Law and legislation 
700 0 |a Siti Zaleha Muhammad ,   |e author 
700 0 |a Zaid Ahmad ,   |d 1944- ,   |e author 
999 |a 0000567242   |b Buku   |c Rak Terbuka   |e Perbadanan Perpustakaan Awam Melaka 
999 |a 0000567243   |b Buku   |c Rak Terbuka   |e Perpustakaan Cawangan Jasin 
999 |a 0000567244   |b Buku   |c Rak Terbuka   |e Perpustakaan Cawangan Masjid Tanah 
999 |a 0000567245   |b Buku   |c Rak Terbuka   |e Perpustakaan Cawangan Merlimau 
999 |a 0000567246   |b Buku   |c Rak Terbuka   |e Perpustakaan Desa Asahan 
999 |a 0000567247   |b Buku   |c Rak Terbuka   |e Perpustkaan Desa Lubuk China 
999 |a 0000567248   |b Buku   |c Rak Terbuka   |e Perbadanan Perpustakaan Awam Melaka 
999 |a 0000567249   |b Buku   |c Rak Terbuka   |e Perbadanan Perpustakaan Awam Melaka 
999 |a 0000567250   |b Buku   |c Rak Terbuka   |e Perpustakaan Komuniti UTC Melaka